Battles of Middle Earth - Statistics

General Stats
  • This quiz has been taken 101 times
  • The average score is 15 of 26
Answer Stats
Date Hint Answer % Correct
TA 3019 The forces of Saruman are defeated by the Rohirrim trying to capture this fortress Battle of the Hornburg
87%
TA 2941 The climactic battle of "The Hobbit" where the armies of Men, Elves and Dwarces triumph against those of the Goblins and Wargs. Battle of Five Armies
85%
TA 3019 This stronghold of Saruman is sacked by Ents Battle of Isengard
85%
TA 1980 This great Dwarven city is sacked by a Balrog Fall of {Khazad-dum}
85%
TA 3019 The ruins of this city are defended by Gondorian forces under Boromir, but they are later forced to retreat and allow Sauron to take it Battle of Osgiliath
80%
TA 3019 Sauron's forces are destroyed on the fields outside Minas Tirith in the most important battle of the War of the Ring Battle of the Pelennor Fields
80%
TA 3019 The Armies of the West march on this gate of Mordor to distract Sauron's attention from Frodo and Sam Battle of the Black Gate
79%
FA 510 This city falls to the forces of Morgoth Fall of {Gondolin}
76%
SA 3434-3441 This tower is laid siege to after the above Siege of {Barad-dur}
73%
FA 545-587 The hosts of Valinor come to Middle Earth and Morgoth is ultimately defeated; the First Age ends and Beleriand sinks into the sea The War of Wrath
61%
FA 455-456 The Siege of Angband is broken and the first dragon Glaurung is released Dagor Bragollach
60%
SA 3434 The forces of men and elves defeat the forces of Sauron on these plains outside of Mordor Battle of Dagorlad
59%
FA 472 An alliance of elves, men and dwarves are crushed by Morgoth's forces; Morgoth effectively controls most of Beleriand Nirnaeth Arnoediad
59%
TA 1409 This watchtower is destroyed after it is besieged by the forces of Angmar Fall of {Amon Sul}
57%
TA 1975 Gondorian forces defeat those of Angmar outside this city, but is unable to save the Kingdom of Arnor Battle of Fornost
51%
TA 3019 Rohirrim forces are outflanked by those of Saruman and forced to retreat; Theodred son of Theoden is killed in the midst of the fray Battle of the Fords of Isen
51%
TA 2 An orc force ambushes those of Isildur; Isildur drowns at the bottom of a river Battle of the Gladden Fields
51%
TA 3019 The Hobbits of the Shire defeat a group of ruffians led by the Wizard Saruman Battle of Bywater
48%
FA 60 Morgoth's forces are crushed between those of Fingolfin and Maedhros; Angband is laid siege upon Dagor Aglareb
47%
YT 1497 Feanor and his followers arrive in Middle Earth and defeat the forces of Morgoth; occurred before the creation of the Sun and Moon Dagor-nuin-Giliath
45%
TA 2799 Dwarves defeat the orcs with heavy losses at this valley below the East gate of #14 Battle of Azanulbizar
44%
SA 1701 Sauron's forces are routed and crushed at this river by those of the Elves and Numenoreans Battle of the Gwathlo
39%
TA 2510 Eotheod forces aid those of Gondor and defeat an Easterling army; leading to Steward Cirion granting them the lands of Calenardhon and the founding the Kingdom of Rohan Battle of the Field of Celebrant
37%
FA 495 Forces of Orodreth and Turin are defeated by Morgoth's forces led by Glaurung; Nargothrond is sacked Battle of Tumhalad
37%
TA 1944 Captain Earnil of Gondor drives a Wainrider army that was celebrating too early into the swamplands; defeating the Wainriders once and for all Battle of the Camp
33%
TA 1447 Eldacar defeats and kills Castimir the Usurper at this road, retaking the Kingdom of Gondor Battle of the Crossings of Erui
23%
No matching quizzes found
Score Distribution
Percent of People with Each Score
Percentile by Number Answered
Your Score History
You have not taken this quiz